000 00776cam a22002654a 4500
001 40422
003 (BD-RjUL)
005 20211209053217.0
008 040308s2005 njua 001 0 eng
020 _a9788177586435
035 _a(BD-RjUL)
040 _aDLC
_c(BD-RjUL)
_beng
_d(BD-RjUL)
082 0 0 _a621.3815
_222
_bFLE 2013
100 1 _aFloyd, Thomas L.
_9124524
245 1 0 _aElectronic devices /
_cThomas L. Floyd.
250 _a7th ed.
260 _aIndia :
_bPearson,
_cc2008 [reprint 2013].
300 _axiii, 635 p. :
_bill. ;
500 _aIncludes index.
504 _aIncludes index & bibliography
650 0 _aElectronic apparatus and appliances.
_9117162
650 0 _aSolid state electronics.
_9124525
942 _2ddc
_cBK
999 _c40422
_d40422